|
|
|
|
| LEADER |
00000cam a2200000 a 4500 |
| 001 |
000057773 |
| 005 |
20160928120000.0 |
| 008 |
160921s1992 nyua grb 001 0 eng |
| 020 |
|
|
|a 1564011305
|
| 040 |
|
|
|a AGL
|b spa
|d DLC
|d MX-MxUAM
|
| 041 |
0 |
|
|a eng
|
| 050 |
|
4 |
|a TX359
|b C3.52
|
| 090 |
|
|
|a f TX359
|b C3.52
|
| 100 |
1 |
|
|a Canagarajah, R. S
|
| 245 |
1 |
0 |
|a Participation rates, efficiency, and characteristics of workers /
|c R. S. Canagarajah.
|
| 260 |
|
|
|a Ithaca, N. Y. :
|b Cornell Food and Nutrition Policy Program, Cornell University,
|c 1992.
|
| 300 |
|
|
|a 44 p. :
|b il. ;
|c 28 cm.
|
| 440 |
|
0 |
|a Cornell Food and Nutrition Policy Program Working Papers ;
|v 30
|
| 500 |
|
|
|a "June 1992."
|
| 504 |
|
|
|a Incluye referencias bibliográficas (p. [42]-44) e índice
|
| 505 |
2 |
0 |
|t The village and the data set --
|t Econometric Issues --
|t A formal model for estimation --
|t Empirical results --
|t Appendix.
|
| 538 |
|
|
|a CFOLLETOS
|
| 650 |
|
0 |
|a Agricultural laborers
|x Econometric models
|
| 650 |
|
0 |
|a Agricultural laborers
|z India
|z Dokur
|
| 650 |
|
4 |
|a Trabajadores agrícolas
|z India
|z Dokur
|
| 650 |
|
4 |
|a Trabajadores agrícolas
|x Modelos econométricos
|
| 905 |
|
|
|a LIBROS
|
| 905 |
|
|
|a FOLLETOS
|
| 938 |
|
|
|c CSH
|
| 949 |
|
|
|a Biblioteca UAM Iztapalapa
|b Colección Folletos
|c f TX359 C3.52
|